Tri písmená pre rozhodovanie SAS: špičková technológia pre manažérov
SAS - systém pre podporu rozhodovania (Strategic Aplication Software). Hospodárske výsledky firmy SAS Institute. Využitie firemných produktov. Štruktúra užívateľov podľa odvetví. Prínos produktov. Obrat firmy v období 1987 - 1996. Spolupráca slovenskej firmy Protagon informatika so SAS Institute v o...
Saved in:
| Main Author: | |
|---|---|
| Format: | Book Chapter |
| Language: | Slovak |
| Subjects: | |
| Tags: |
No Tags, Be the first to tag this record!
|
MARC
| LEADER | 00000naa a2200000 4500 | ||
|---|---|---|---|
| 001 | r025236 | ||
| 005 | 20251104123644.4 | ||
| 041 | 0 | |a slo | |
| 044 | |a SK | ||
| 245 | 1 | 0 | |a Tri písmená pre rozhodovanie |b SAS: špičková technológia pre manažérov |c Dagmar Krištofičová |
| 520 | |a SAS - systém pre podporu rozhodovania (Strategic Aplication Software). Hospodárske výsledky firmy SAS Institute. Využitie firemných produktov. Štruktúra užívateľov podľa odvetví. Prínos produktov. Obrat firmy v období 1987 - 1996. Spolupráca slovenskej firmy Protagon informatika so SAS Institute v oblasti sprostredkovania produktov predajom na kľúč. | ||
| 610 | 2 | 0 | |a manažment |
| 610 | 2 | 0 | |a manažment informačný |
| 610 | 2 | 0 | |a technika výpočtová |
| 610 | 2 | 0 | |a firmy |
| 610 | 2 | 0 | |a SAS |
| 610 | 2 | 0 | |a Protagon informatika |
| 100 | 1 | |a Krištofičová, Dagmar | |